LEADER 01305nam a2200253 i 4500 001 000000259281 003 CaOOAMICUS 005 20180726000000.0 008 180726s1963 xx u000 u mul u 013 $a238189 040 $aSeMil$bita 100 1 $aPiana, Celestino .$0(OLS)http://semarc/name/89661 245 10$aRicerche su le Università di Bologna e di Parma nel secolo 15. /$cCelestino Piana. 260 $aGrottaferrata (Romae) :$bEditiones Collegii S. Bonaventurae ad Claras Aquas,$c1963. 300 $a8, 562 p. ;$c25 cm. 490 0 $aSpicilegium Bonaventurianum ;$v1. 650 4$aBologna - Università - Facoltà di teologia - Sec. 15.$0(OLS)http://semarc/subject/47250 650 4$aParma - Università degli Studi - Laureati - Sec. 15.$0(OLS)http://semarc/subject/47251 830 0$aSpicilegium Bonaventurianum ;$v1.$0(OLS)http://semarc/title/542 850 $aSeMil 852 $aSeMil$W1$xVenegono$y1$m2N V 601$j209626$B209626$CSeMilBibl$Z2$F223290 $81 961 $aSottoscrizione: Frati Editori di Quaracchi 996 $6245$aRicerche su le Università di Bologna e di Parma nel secolo 15.$9(OLS)http://semarc/title/414071 996 $6260$aGrottaferrata (Romae) :$bEditiones Collegii S. Bonaventurae ad Claras Aquas$9(OLS)http://semarc/publisher/39928 LEADER 00725nam a2200181 i 4500 001 000000258970 003 CaOOAMICUS 005 20180622000000.0 008 180622s1901 xx u000 u ger u 013 $a237878 040 $aSeMil$bita 100 1 $aKlein, Félix,$d<1862-1953>.$0(OLS)http://semarc/name/30406 245 10$aMechanik. 4. Theil /$credigiert von Félix Klein. 300 $a770 p. ;$c25 cm. 773 0 $tEncyklopädie der mathematischen Wissenschaften mit Einschluss ihrer Anwendungen.$dLeipzig : B. G. Teubner, 1898-1923.$gBd.4$w()31361 850 $aSeMil 852 $aSeMil$W1$xVenegono$y1$m3W V 99 FA$j209315$B209315$CSeMilBibl$Z2$F222979 $8I 996 $6245$aMechanik. 4. Theil$9(OLS)http://semarc/title/413836